Datum a čas kvízu
32
Celkem bodů
Celkový počet nahraných bodů na tomto kvízu bez doplňovacích otázek.
4.
Pořadí na kvízu
Konečné umístění týmu na tomto kvízu.
Zaznamenané odpovědi
| # | Otázka | Odpověď | Body | Výsledky |
|---|---|---|---|---|
| 1. | Jedenáct klavírů a pian českéh... | Karel Komárek | 1 | |
| 2. | Rádio Svobodná Evropa se poprv... | Maďarsko | 1 | |
| 3. | Minulý týden jsme se dozvěděli... | Christopher Lambert | 1 | |
| 4. | Americký technologický gigant... | Intel | 1 | |
| 5. | Velká cena Itálie v Monze měla... | Pierre Gasly | 0 | |
| 6. | Za celou historii udělování No... | Marie Curie-Skłodowská | 1 | |
| 7. | Pouze dvěma Čechům v historii... | Jaroslav Heyrovský, Jaroslav Seifert | 1 | |
| 8. | V roce 1954 obdržel Nobelovu c... | Ernest Hemingway, Stařec a moře | 1 | |
| 9. | Přiřaďte laureáty Nobelových c... | 1A 2C 3D 4B | 0 | |
| 10. | Vyberte nepravdivé tvrzení o p... | C | 0 |